Một đời thương thuyết : Đừng để Bờm và Phú Ông thất vọng

Wedi'i Gadw mewn:
Manylion Llyfryddiaeth
Prif Awdur:  Phan, Văn Trường
Fformat: Sách
Iaith:Undetermined
Cyhoeddwyd:  Trẻ  2017
Pynciau:
Tagiau: Ychwanegu Tag
Dim Tagiau, Byddwch y cyntaf i dagio'r cofnod hwn!
Thư viện lưu trữ: Trung tâm Thư viện - Trường Đại học Công nghiệp TP. Hồ Chí Minh
LEADER 00574nam a2200157Ia 4500
001 UIH_06980
008 231011s9999 xx 000 0 und d
082 |a  658.4052 
100 |a  Phan, Văn Trường 
245 0 |a  Một đời thương thuyết : Đừng để Bờm và Phú Ông thất vọng 
245 0 |c  Phan, Văn Trường 
260 |b  Trẻ 
260 |c  2017 
650 |a  Thương lượng trong kinh doanh;  
927 |a Sách 
980 |a Trung tâm Thư viện - Trường Đại học Công nghiệp TP. Hồ Chí Minh